| 000 | 00855nam a22002297a 4500 | ||
|---|---|---|---|
| 999 |
_c15671 _d15671 |
||
| 003 | AR-CdUCM | ||
| 008 | 190429b ||||| |||| 00| 0 spa d | ||
| 040 |
_aMUNICIPALIDAD PROVINCIAL DEL CUSCO _cBIBLIOTECA MUNICIPAL DEL CUSCO |
||
| 082 |
_aEP / 398 / _bSI57 |
||
| 245 | _aSipasmantawan Ukukumantawan / | ||
| 260 |
_aCusco : _bAsociación Pukllasunchis, _c2001. |
||
| 300 |
_a23 páginas ; _bilustraciones, _c29.5 cm. |
||
| 500 |
_aTexto en la lengua Quechua. _aTomado de "Cuentos de nuestros abuelos quechuas". Recuperando la tradición oral. |
||
| 650 |
_aLiteratura _983 |
||
| 650 |
_aCuentos en Quechua _918110 |
||
| 650 |
_aSiglo XXI _92856 |
||
| 650 |
_aAprendizaje _92143 |
||
| 700 |
_aCastillo Sierra, Eustaquio (adaptación) _934816 |
||
| 700 |
_aVelarde Arriola, Anthony (dibujos) _934817 |
||
| 942 |
_2ddc _cLIBROS |
||
| 945 |
_aachl _d2019-04-29 |
||